Physics. Volume 1 (Record no. 594404)
[ view plain ]
| 000 -LEADER | |
|---|---|
| fixed length control field | 00426nam a22001577a 4500 |
| 020 ## - INTERNATIONAL STANDARD BOOK NUMBER | |
| International Standard Book Number | 9788126510887 |
| 040 ## - CATALOGING SOURCE | |
| Transcribing agency | NUST |
| 082 ## - DEWEY DECIMAL CLASSIFICATION NUMBER | |
| Classification number | 530 RES |
| 100 ## - MAIN ENTRY--PERSONAL NAME | |
| Personal name | Resnik, Robert |
| 9 (RLIN) | 111622 |
| 110 ## - MAIN ENTRY--CORPORATE NAME | |
| Corporate name or jurisdiction name as entry element | Halliday, David Krane, Kenneth S. |
| 9 (RLIN) | 99972 |
| 245 ## - TITLE STATEMENT | |
| Title | Physics. Volume 1 |
| 250 ## - EDITION STATEMENT | |
| Edition statement | 5th Edition |
| 260 ## - PUBLICATION, DISTRIBUTION, ETC. | |
| Place of publication, distribution, etc. | New Dheli: |
| Name of publisher, distributor, etc. | John Wiley & Sons, |
| Date of publication, distribution, etc. | 2016. |
| 650 ## - SUBJECT ADDED ENTRY--TOPICAL TERM | |
| Topical term or geographic name entry element | DME TEXTBOOK PHYSICS VOLUME 1 |
| 9 (RLIN) | 111623 |
| 942 ## - ADDED ENTRY ELEMENTS (KOHA) | |
| Source of classification or shelving scheme | |
| Koha item type | Text Books |
| Withdrawn status | Lost status | Source of classification or shelving scheme | Damaged status | Not for loan | Permanent Location | Current Location | Shelving location | Date acquired | Total Checkouts | Full call number | Barcode | Date last seen | Price effective from | Koha item type |
|---|---|---|---|---|---|---|---|---|---|---|---|---|---|---|
| College of Electrical & Mechanical Engineering (CEME) | College of Electrical & Mechanical Engineering (CEME) | Reference | 03/31/2023 | 530 RES | CEME-48401 | 03/31/2023 | 03/31/2023 | Text Books | ||||||
| College of Electrical & Mechanical Engineering (CEME) | College of Electrical & Mechanical Engineering (CEME) | Reference | 03/31/2023 | 530 RES | CEME-48402 | 03/31/2023 | 03/31/2023 | Text Books | ||||||
| College of Electrical & Mechanical Engineering (CEME) | College of Electrical & Mechanical Engineering (CEME) | Reference | 03/31/2023 | 530 RES | CEME-48403 | 03/31/2023 | 03/31/2023 | Text Books | ||||||
| College of Electrical & Mechanical Engineering (CEME) | College of Electrical & Mechanical Engineering (CEME) | Reference | 03/31/2023 | 530 RES | CEME-48404 | 03/31/2023 | 03/31/2023 | Text Books | ||||||
| College of Electrical & Mechanical Engineering (CEME) | College of Electrical & Mechanical Engineering (CEME) | Reference | 03/31/2023 | 530 RES | CEME-48405 | 03/31/2023 | 03/31/2023 | Text Books |
